000 00319nam a22001457a 4500
008 210303b ||||| |||| 00| 0 eng d
020 _a9780256081206
041 _aeng
080 _26th
_a336
082 _a336
100 _a56
101 _aFIN
245 _aManagerial Accounting
_cGarrison, R.H
942 _2udc
_cBK
999 _c55588
_d55588